[Event "GER-chT Federal Cup (Women)"]
[Site "Braunfels"]
[Date "2025.06.19"]
[Round "1.8"]
[White "Rath, Alina"]
[Black "Moenster, Madita"]
[Result "0-1"]
[WhiteElo "2019"]
[BlackElo "1979"]
[PlyCount "130"]
[EventDate "2025.06.19"]
[EventType "team-swiss"]
[EventRounds "5"]
[EventCountry "GER"]
[SourceTitle "CB26_2025"]
[SourceDate "2025.06.25"]
[SourceVersion "1"]
[SourceVersionDate "2025.06.25"]
[SourceQuality "1"]
[WhiteTeam "Berlin (W)"]
[BlackTeam "Niedersachsen (W)"]
[WhiteTeamCountry "GER"]
[BlackTeamCountry "GER"]

1. c4 e5 2. Nc3 Nf6 3. g3 Bb4 4. Bg2 0-0 5. e4 d6 6. Nge2 Be6 7. Nd5 Bc5 8. d3 c6 9. Nxf6+ Qxf6 10. 0-0 Nd7 11. Rb1 a5 12. Nc3 Qe7 13. Kh1 f5 14. exf5 Bxf5 15. Be3 Bxe3 16. fxe3 Nc5 17. e4 Be6 18. Qd2 Nd7 19. b3 Nf6 20. d4 exd4 21. Qxd4 Ng4 22. h3 Ne5 23. Rxf8+ Rxf8 24. Rd1 Rd8 25. Qb6 Ra8 26. Qd4 Nf7 27. Kh2 Qg5 28. Ne2 Re8 29. Nf4 Bc8 30. a4 Qe5 31. Qd2 Rd8 32. Nd3 Qg5 33. Nf4 Qe5 34. Nd3 Qg5 35. Qf2 Qh5 36. Qf1 Ne5 37. Nf4 Ng4+ 38. Kh1 Nf2+ 39. Qxf2 Qxd1+ 40. Kh2 Qxb3 41. Qd4 Rf8 42. Qxd6 Qxc4 43. e5 Qb4 44. Qc7 Re8 45. Bf1 Qb2+ 46. Kh1 Qxe5 47. Bc4+ Kh8 48. Qf7 Qe7 49. Qh5 Qe4+ 50. Kh2 g6 51. Qc5 Qe5 52. Qf2 Bf5 53. h4 b5 54. axb5 cxb5 55. Bd5 Rc8 56. Qb6 Qb2+ 57. Ng2 a4 58. Bb7 Rf8 59. Qd6 Qf6 60. Qb4 Bd7 61. Nf4 Re8 62. Bg2 Bc6 63. Bf1 Qa1 64. Bg2 Bxg2 65. Kxg2 Qe5 0-1

[Event "WchT Blitz Pool C"]
[Site "London"]
[Date "2025.06.14"]
[Round "8.5"]
[White "Rath, Alina"]
[Black "Camp, Imogen AL"]
[Result "1/2-1/2"]
[WhiteElo "2019"]
[BlackElo "1915"]
[PlyCount "196"]
[EventDate "2025.06.14"]
[EventType "team-tourn"]
[EventRounds "13"]
[EventCountry "ENG"]
[SourceTitle "CB25_2025"]
[SourceDate "2025.06.18"]
[SourceVersion "1"]
[SourceVersionDate "2025.06.18"]
[SourceQuality "1"]
[WhiteTeam "Berlin Chess Federation"]
[BlackTeam "Wood Green Youth"]
[WhiteTeamCountry "GER"]
[BlackTeamCountry "ENG"]

1. c4 e6 2. g3 d5 3. Bg2 c6 4. Nf3 Nf6 5. b3 Bd6 6. Bb2 Nbd7 7. 0-0 0-0 8. d3 Qe7 9. Qc2 e5 10. e4 d4 11. h3 b5 12. Nbd2 Bb7 13. a4 a6 14. Bc1 Nc5 15. Nh4 Bc8 16. axb5 cxb5 17. cxb5 a5 18. Nc4 Bd7 19. b6 Rfb8 20. Bd2 g6 21. Bxa5 Bb5 22. Rfb1 Ra6 23. Bf1 Nb7 24. Bd2 Rxa1 25. Rxa1 Nd7 26. Nf3 Bxc4 27. bxc4 Nxb6 28. Rb1 Nd7 29. Qa4 Nbc5 30. Rxb8+ Bxb8 31. Qa8 Kg7 32. Bb4 Bd6 33. Bd2 h6 34. Be2 Nb3 35. Be1 Nbc5 36. Kg2 Nb3 37. Qa2 Nbc5 38. Bd2 Qd8 39. Qb2 Qb8 40. Qxb8 Bxb8 41. Ne1 g5 42. h4 f6 43. Kh3 Kg6 44. h5+ Kf7 45. Bg4 Nb6 46. Bb4 Nba4 47. Bd1 Bc7 48. Kg4 Ke6 49. Bxc5 Nxc5 50. Bc2 Bd8 51. f4 Bc7 52. fxg5 fxg5 53. Nf3 Ba5 54. Nh2 Bd2 55. Nf1 Bc3 56. Kf3 Kf6 57. g4 Ke6 58. Ng3 Nd7 59. Nf5 Bb4 60. Nxh6 Be7 61. Nf5 Bf8 62. h6 Kf6 63. Ba4 Nc5 64. Bc2 Kg6 65. Ke2 Bxh6 66. Ne7+ Kf6 67. Nd5+ Ke6 68. Kd2 Bf8 69. Kc1 Bd6 70. Kb2 Kd7 71. Nf6+ Kc6 72. Nd5 Bf8 73. Bb1 Bd6 74. Kc2 Bf8 75. Kd2 Bd6 76. Bc2 Bf8 77. Nf6 Be7 78. Nd5 Bd6 79. Ke2 Bf8 80. Kf3 Bd6 81. Nf6 Be7 82. Nh5 Kd7 83. Ng3 Ke6 84. Nf5 Bf8 85. Ke2 Kd7 86. Kd2 Kc6 87. Kc1 Kd7 88. Kb2 Kc6 89. Ng3 Be7 90. Ne2 Bf8 91. Nc1 Be7 92. Nb3 Nxb3 93. Bxb3 Kc5 94. Ba4 Bd6 95. Kb3 Bc7 96. Bd7 Bb6 97. Ka4 Bc7 98. Bf5 Bb6 1/2-1/2

[Event "WchT Rapid"]
[Site "London"]
[Date "2025.06.13"]
[Round "12.5"]
[White "Rath, Alina"]
[Black "Dishman, Matthew"]
[Result "1-0"]
[WhiteElo "2038"]
[BlackElo "1901"]
[PlyCount "87"]
[EventDate "2025.06.11"]
[EventType "team-swiss"]
[EventRounds "12"]
[EventCountry "ENG"]
[SourceTitle "CB25_2025"]
[SourceDate "2025.06.18"]
[SourceVersion "1"]
[SourceVersionDate "2025.06.18"]
[SourceQuality "1"]
[WhiteTeam "Berlin Chess Federation"]
[BlackTeam "Sassy Seniors"]
[WhiteTeamCountry "GER"]
[BlackTeamCountry "ENG"]

1. c4 Nf6 2. Nc3 c5 3. e4 Nc6 4. g3 g6 5. Bg2 Bg7 6. Nge2 0-0 7. 0-0 d6 8. h3 a6 9. a4 Rb8 10. d3 Bd7 11. Be3 Ne8 12. Rb1 Nd4 13. b4 Nxe2+ 14. Nxe2 cxb4 15. Rxb4 Qc8 16. Kh2 f5 17. exf5 gxf5 18. Qb3 Bc6 19. Bxc6 Qxc6 20. Rb6 Qd7 21. Rb1 Kh8 22. a5 e5 23. Rxb7 Rxb7 24. Qxb7 Qa4 25. Qb3 Qxa5 26. Bb6 Qd2 27. Rb2 Qg5 28. Ra2 f4 29. g4 f3 30. Ng3 Nf6 31. Qd1 Nxg4+ 32. hxg4 Rf6 33. Kg1 Qxg4 34. Kf1 Rh6 35. Rxa6 Bf6 36. Be3 Rh2 37. Ke1 e4 38. Ra8+ Kg7 39. Qb3 Be5 40. Qb7+ Kf6 41. Rf8+ Kg6 42. Rg8+ Kf6 43. Rxg4 exd3 44. Qxf3+ 1-0

[Event "WchT Rapid"]
[Site "London"]
[Date "2025.06.12"]
[Round "5.5"]
[White "Rath, Alina"]
[Black "Derlich, Sarah Sima"]
[Result "1-0"]
[WhiteElo "2038"]
[BlackElo "1807"]
[PlyCount "99"]
[EventDate "2025.06.11"]
[EventType "team-swiss"]
[EventRounds "12"]
[EventCountry "ENG"]
[SourceTitle "CB25_2025"]
[SourceDate "2025.06.18"]
[SourceVersion "1"]
[SourceVersionDate "2025.06.18"]
[SourceQuality "1"]
[WhiteTeam "Berlin Chess Federation"]
[BlackTeam "Danish Futures"]
[WhiteTeamCountry "GER"]
[BlackTeamCountry "DEN"]

1. c4 e6 2. g3 d5 3. Bg2 Nf6 4. Nf3 Bd6 5. 0-0 0-0 6. b3 Nc6 7. Bb2 d4 8. e3 e5 9. exd4 exd4 10. d3 Bg4 11. h3 Bh5 12. Qd2 Bc5 13. Na3 Qd7 14. Kh2 Bg6 15. Nc2 a5 16. a3 Qd6 17. Rab1 Ne5 18. Nxe5 Qxe5 19. b4 axb4 20. axb4 Ba7 21. Bxb7 Rad8 22. Rbd1 c5 23. f4 Qh5 24. Bf3 Qh6 25. Kg2 Bf5 26. g4 Qg6 27. Kh1 Bc8 28. Qg2 Rfe8 29. b5 Bb6 30. Bc1 h5 31. f5 Qh7 32. g5 Nd7 33. g6 Qh8 34. Bd5 Re7 35. gxf7+ Kf8 36. Rde1 Nf6 37. Rxe7 Kxe7 38. Bf3 Bxf5 39. Ne1 Qh7 40. Qe2+ Kxf7 41. Bg2 Re8 42. Qf3 Bd7 43. Bg5 Bd8 44. Qd5+ Ke7 45. Qxc5+ Kf7 46. Qxd4 Qg6 47. Bxf6 Bxf6 48. Qxd7+ Re7 49. Qd5+ Ke8 50. Qc6+ 1-0

[Event "WchT Rapid"]
[Site "London"]
[Date "2025.06.11"]
[Round "4.5"]
[White "Grigoryan, Meri"]
[Black "Rath, Alina"]
[Result "0-1"]
[WhiteElo "1908"]
[BlackElo "2038"]
[PlyCount "84"]
[EventDate "2025.06.11"]
[EventType "team-swiss"]
[EventRounds "12"]
[EventCountry "ENG"]
[SourceTitle "CB25_2025"]
[SourceDate "2025.06.18"]
[SourceVersion "1"]
[SourceVersionDate "2025.06.18"]
[SourceQuality "1"]
[WhiteTeam "ANI"]
[BlackTeam "Berlin Chess Federation"]
[WhiteTeamCountry "ENG"]
[BlackTeamCountry "GER"]

1. d4 d5 2. Nf3 e6 3. c4 c5 4. e3 Nf6 5. Nc3 Nc6 6. cxd5 exd5 7. Bb5 cxd4 8. Nxd4 Bd7 9. 0-0 Bd6 10. Nf3 Be6 11. b3 0-0 12. Bb2 Rc8 13. Rc1 h6 14. Bd3 a6 15. Bb1 Qe7 16. Ne2 Rfd8 17. Ned4 Bg4 18. h3 Bd7 19. Nf5 Qe6 20. N3d4 Nxd4 21. Qxd4 Be7 22. Rfd1 Rxc1 23. Rxc1 Bc6 24. Ng3 Bf8 25. Bf5 Qe7 26. Qh4 Ne8 27. Qd4 Nf6 28. Bb1 Qe6 29. Rd1 Ne8 30. e4 Qe7 31. Nf5 Qg5 32. h4 Qh5 33. Rd3 Rd7 34. Rg3 dxe4 35. Nxg7 Qd1+ 36. Kh2 Rxd4 37. Nxe8+ Kh8 38. Nf6 Bg7 39. Bxd4 Qxd4 40. Ng4 h5 41. Re3 hxg4 42. g3 Qb2 0-1

[Event "WchT Rapid"]
[Site "London"]
[Date "2025.06.11"]
[Round "2.5"]
[White "Ostensson, Julia"]
[Black "Rath, Alina"]
[Result "1-0"]
[WhiteElo "1966"]
[BlackElo "2038"]
[PlyCount "97"]
[EventDate "2025.06.11"]
[EventType "team-swiss"]
[EventRounds "12"]
[EventCountry "ENG"]
[SourceTitle "CB25_2025"]
[SourceDate "2025.06.18"]
[SourceVersion "1"]
[SourceVersionDate "2025.06.18"]
[SourceQuality "1"]
[WhiteTeam "Uppsala SSS"]
[BlackTeam "Berlin Chess Federation"]
[WhiteTeamCountry "SWE"]
[BlackTeamCountry "GER"]

1. d4 d5 2. c4 e6 3. Nf3 c5 4. cxd5 exd5 5. Bg5 Be7 6. Bxe7 Nxe7 7. e3 Nbc6 8. Be2 0-0 9. 0-0 c4 10. Nc3 Rb8 11. e4 b5 12. h3 h6 13. a4 a6 14. axb5 axb5 15. b3 dxe4 16. Nxe4 cxb3 17. Nc5 Bf5 18. Qxb3 b4 19. Rfd1 Nd5 20. Ne5 Nce7 21. Bc4 Rb6 22. Ra7 Rd6 23. Qf3 Bc8 24. Bb3 Rf6 25. Qg3 Nc3 26. Rd2 Nf5 27. Qd3 Ne7 28. Ne4 Nxe4 29. Qxe4 Bf5 30. Qb7 Nc8 31. Nxf7 R8xf7 32. Bxf7+ Kh8 33. Ra8 Rb6 34. Qf3 Bd7 35. Rc2 Qf8 36. Qd5 Rd6 37. Qb3 Rb6 38. Bd5 g6 39. Be4 Kg7 40. d5 Qe7 41. Qb2+ Rf6 42. Re2 Qd6 43. Bd3 Nb6 44. Ra6 Bc8 45. Ra7+ Bd7 46. Re6 Qf4 47. Qxf6+ Qxf6 48. Rxf6 Kxf6 49. Ra6 1-0

[Event "BL 2324 (Women)"]
[Site "Germany"]
[Date "2024.03.23"]
[Round "7.1"]
[White "Rath, Alina"]
[Black "Sieber, Fiona"]
[Result "1/2-1/2"]
[WhiteElo "2030"]
[BlackElo "2305"]
[PlyCount "82"]
[EventDate "2023.10.14"]
[EventType "team-tourn"]
[EventRounds "11"]
[EventCountry "GER"]
[SourceTitle "CBM 220 Extra"]
[Source "ChessBase"]
[SourceDate "2024.07.31"]
[SourceVersion "1"]
[SourceVersionDate "2024.07.31"]
[SourceQuality "1"]
[WhiteTeam "Kiel Doppelbauer (W)"]
[BlackTeam "Rodewisch (W)"]
[WhiteTeamCountry "GER"]
[BlackTeamCountry "GER"]

1. c4 e5 2. Nc3 Bb4 3. Nd5 Be7 4. e3 Nf6 5. Nxe7 Qxe7 6. d4 exd4 7. Qxd4 Nc6 8. Qd1 0-0 9. Nf3 d5 10. cxd5 Rd8 11. Bd2 Nxd5 12. Be2 a5 13. 0-0 a4 14. Qc2 Ndb4 15. Bxb4 Nxb4 16. Qc3 Nd5 17. Qe5 Qxe5 18. Nxe5 a3 19. bxa3 Be6 20. Bc4 f6 21. Nf3 Bf7 22. Rab1 b6 23. Rb3 Ne7 24. Bxf7+ Kxf7 25. Rc1 Rd7 26. g3 Nf5 27. Rc6 Nd6 28. Rd3 Ke7 29. Rb3 Ne4 30. Nd4 Nc5 31. Rc3 Kd8 32. Kg2 Kc8 33. Ne6 Nxe6 34. Rxe6 Kb7 35. Rec6 Ra5 36. e4 Ra4 37. Kf3 Rad4 38. Ke3 Rd1 39. h4 Re1+ 40. Kf3 Red1 41. Ke3 Re1+ 1/2-1/2

[Event "GER-ch Blitz (Women)"]
[Site "Viernheim"]
[Date "2023.07.15"]
[Round "15"]
[White "Birkholz, Olga"]
[Black "Rath, Alina"]
[Result "0-1"]
[WhiteElo "1991"]
[BlackElo "2030"]
[PlyCount "85"]
[EventDate "2023.07.15"]
[EventType "tourn (blitz)"]
[EventRounds "27"]
[EventCountry "GER"]
[SourceTitle "CBM 215 Extra"]
[Source "ChessBase"]
[SourceDate "2023.09.30"]
[SourceVersion "1"]
[SourceVersionDate "2023.09.30"]
[SourceQuality "1"]

1. d4 d5 2. Bf4 c5 3. e3 Nc6 4. c3 e6 5. Nd2 Nf6 6. Ngf3 Bd6 7. Bg5 h6 8. Bh4 0-0 9. Bd3 cxd4 10. exd4 a5 11. Qe2 b6 12. Ne5 Bb7 13. f4 Be7 14. Bf2 Qd6 15. 0-0 Ne8 16. Qh5 Nf6 17. Qf3 Nd7 18. Nxd7 Qxd7 19. f5 exf5 20. Bxf5 Qd8 21. Qg4 Bc8 22. Be3 Bxf5 23. Rxf5 Kh7 24. Raf1 f6 25. R1f3 Rf7 26. Rg3 g5 27. Bxg5 hxg5 28. Rh3+ Kg8 29. Qh5 Rg7 30. Nf3 Qe8 31. Qh8+ Kf7 32. Qh5+ Ke6 33. Qg4 Kd6 34. Qg3+ Ke6 35. Qg4 Kd6 36. Nd2 Qf7 37. Re3 Kc7 38. Qg3+ Bd6 39. Qf3 Be7 40. Rxd5 Rd8 41. Rb5 g4 42. Qe4 Bd6 43. d5 0-1

[Event "GER-ch Blitz (Women)"]
[Site "Viernheim"]
[Date "2023.07.15"]
[Round "26"]
[White "Heutling, Elina"]
[Black "Rath, Alina"]
[Result "0-1"]
[WhiteElo "1940"]
[BlackElo "2030"]
[PlyCount "64"]
[EventDate "2023.07.15"]
[EventType "tourn (blitz)"]
[EventRounds "27"]
[EventCountry "GER"]
[SourceTitle "CBM 215 Extra"]
[Source "ChessBase"]
[SourceDate "2023.09.30"]
[SourceVersion "1"]
[SourceVersionDate "2023.09.30"]
[SourceQuality "1"]

1. e4 c5 2. Nf3 Nc6 3. d4 cxd4 4. Nxd4 Nf6 5. Nc3 d6 6. Bg5 e6 7. Qd2 Be7 8. h4 h6 9. Bxf6 Bxf6 10. Ndb5 0-0 11. Qxd6 Qb6 12. 0-0-0 Qxf2 13. Bd3 a6 14. Nc7 Be5 15. Qa3 Bxc7 16. Rdf1 Qe3+ 17. Kb1 Ne5 18. Rh3 Qd4 19. Ne2 Qd6 20. Qb3 b5 21. Nf4 Qe7 22. Nh5 Nxd3 23. Qxd3 Be5 24. g4 Bb7 25. Qe3 Qb4 26. c3 Qxe4+ 27. Qxe4 Bxe4+ 28. Ka1 Bg2 29. Re1 Bxh3 30. Rxe5 Bxg4 31. Nf4 Rfd8 32. a3 Rd2 0-1

[Event "GER-ch Blitz (Women)"]
[Site "Viernheim"]
[Date "2023.07.15"]
[Round "17"]
[White "Rath, Alina"]
[Black "Brandt, Carina"]
[Result "1-0"]
[WhiteElo "2030"]
[BlackElo "2058"]
[PlyCount "77"]
[EventDate "2023.07.15"]
[EventType "tourn (blitz)"]
[EventRounds "27"]
[EventCountry "GER"]
[SourceTitle "CBM 215 Extra"]
[Source "ChessBase"]
[SourceDate "2023.09.30"]
[SourceVersion "1"]
[SourceVersionDate "2023.09.30"]
[SourceQuality "1"]

1. c4 Nf6 2. Nc3 g6 3. g3 Bg7 4. Bg2 0-0 5. e4 d6 6. Nge2 e5 7. 0-0 Nfd7 8. d3 a5 9. f4 f5 10. Be3 Na6 11. Qd2 Nf6 12. h3 c6 13. Kh2 Nc7 14. Rae1 Qd7 15. d4 exd4 16. Bxd4 fxe4 17. Bxf6 Bxf6 18. Nxe4 d5 19. Nxf6+ Rxf6 20. cxd5 Nxd5 21. Nc3 Nxc3 22. Qxc3 Rd6 23. Re2 Rd3 24. Qe5 Qf7 25. Rfe1 Bd7 26. a3 Rf8 27. Be4 Rb3 28. Bg2 Qc4 29. Qe7 Rf7 30. Qe5 Rd3 31. Qg5 Qb3 32. Re7 Bf5 33. Rxf7 Qxf7 34. g4 Bd7 35. Re7 Qb3 36. Qf6 Rxh3+ 37. Bxh3 Qc2+ 38. Bg2 Bxg4 39. Qg7# 1-0

[Event "GER-ch Blitz (Women)"]
[Site "Viernheim"]
[Date "2023.07.15"]
[Round "10"]
[White "Rath, Alina"]
[Black "Noll, Sonja"]
[Result "1-0"]
[WhiteElo "2030"]
[BlackElo "1728"]
[PlyCount "63"]
[EventDate "2023.07.15"]
[EventType "tourn (blitz)"]
[EventRounds "27"]
[EventCountry "GER"]
[SourceTitle "CBM 215 Extra"]
[Source "ChessBase"]
[SourceDate "2023.09.30"]
[SourceVersion "1"]
[SourceVersionDate "2023.09.30"]
[SourceQuality "1"]

1. c4 d6 2. Nc3 g6 3. g3 Bg7 4. Bg2 c6 5. e4 e5 6. Nge2 Ne7 7. 0-0 0-0 8. d3 f5 9. f4 exf4 10. Nxf4 fxe4 11. dxe4 Bxc3 12. bxc3 Qb6+ 13. Kh1 Qc5 14. Qe2 Nd7 15. Be3 Qa3 16. Rac1 Ne5 17. Rfd1 Bg4 18. Qd2 Bxd1 19. Qxd1 Rad8 20. Ne6 Qxa2 21. Nxf8 Kxf8 22. c5 d5 23. exd5 Nxd5 24. Bh6+ Ke7 25. Qd4 Nc4 26. Bg5+ Kd7 27. Bh3+ Ke8 28. Bxd8 Kxd8 29. Qh8+ Ke7 30. Qxh7+ Kf6 31. Rf1+ Kg5 32. Qh4# 1-0

[Event "GER-ch Blitz (Women)"]
[Site "Viernheim"]
[Date "2023.07.15"]
[Round "21"]
[White "Rath, Alina"]
[Black "Stangl, Anita"]
[Result "0-1"]
[WhiteElo "2030"]
[BlackElo "2037"]
[PlyCount "36"]
[EventDate "2023.07.15"]
[EventType "tourn (blitz)"]
[EventRounds "27"]
[EventCountry "GER"]
[SourceTitle "CBM 215 Extra"]
[Source "ChessBase"]
[SourceDate "2023.09.30"]
[SourceVersion "1"]
[SourceVersionDate "2023.09.30"]
[SourceQuality "1"]

1. c4 e6 2. g3 d5 3. Bg2 c6 4. Nf3 dxc4 5. a4 Nd7 6. Na3 Bxa3 7. Rxa3 Ngf6 8. Qc2 b5 9. Nd4 b4 10. Nxc6 Qb6 11. Ra1 Bb7 12. a5 Qb5 13. Nd4 Qa6 14. Nf3 b3 15. Qc3 0-0 16. 0-0 Rac8 17. Nh4 Nd5 18. Qd4 e5 0-1

[Event "GER-ch Blitz (Women)"]
[Site "Viernheim"]
[Date "2023.07.15"]
[Round "25"]
[White "Rath, Alina"]
[Black "Von Herman, Brigitte"]
[Result "1/2-1/2"]
[WhiteElo "2030"]
[BlackElo "1911"]
[PlyCount "99"]
[EventDate "2023.07.15"]
[EventType "tourn (blitz)"]
[EventRounds "27"]
[EventCountry "GER"]
[SourceTitle "CBM 215 Extra"]
[Source "ChessBase"]
[SourceDate "2023.09.30"]
[SourceVersion "1"]
[SourceVersionDate "2023.09.30"]
[SourceQuality "1"]

1. c4 e5 2. Nc3 Nc6 3. g3 Bb4 4. Nd5 d6 5. Bg2 Nf6 6. e3 0-0 7. Ne2 Bf5 8. 0-0 Nxd5 9. cxd5 Ne7 10. Qb3 Bc5 11. d3 Rb8 12. a3 Bb6 13. Qc3 h6 14. b4 Rc8 15. Bb2 c6 16. dxc6 bxc6 17. d4 Nd5 18. Qb3 Be6 19. Qd3 f6 20. Rad1 Qe7 21. Rc1 Rfd8 22. Rfd1 Bf7 23. Bh3 Be6 24. Bg2 Bf7 25. e4 Nc7 26. Kh1 c5 27. bxc5 dxc5 28. d5 Ne8 29. f3 Nd6 30. Bc3 Rb8 31. Rb1 Qd7 32. h4 Qa4 33. Be1 c4 34. Qc3 Nb5 35. Qb4 Qxb4 36. axb4 Nd6 37. Rdc1 Rdc8 38. Nc3 Bd4 39. Bh3 Rc7 40. Kg2 Rcb7 41. Na4 Rb5 42. Kh2 Be3 43. Rc2 a5 44. Bf1 axb4 45. Bxc4 Nxc4 46. Rxc4 b3 47. Nb2 Bd4 48. Kg2 Ra8 49. Bc3 Bxc3 50. Rxc3 1/2-1/2

[Event "GER-ch blitz (Women)"]
[Site "Magdeburg"]
[Date "2022.08.13"]
[Round "18"]
[White "Rath, Alina"]
[Black "Khrapko, Marharyta"]
[Result "1-0"]
[WhiteElo "2108"]
[BlackElo "2036"]
[PlyCount "118"]
[EventDate "2022.08.13"]
[EventType "tourn (blitz)"]
[EventRounds "23"]
[EventCountry "GER"]
[SourceTitle "CBM 209 Extra"]
[Source "ChessBase"]
[SourceDate "2022.09.30"]
[SourceVersion "1"]
[SourceVersionDate "2022.09.30"]
[SourceQuality "1"]

1. c4 e5 2. Nc3 Nc6 3. g3 Bc5 4. Bg2 a6 5. d3 d6 6. e3 h5 7. h4 Bg4 8. Nge2 Nf6 9. a3 Bb6 10. Qc2 Qd7 11. b3 Rd8 12. Bb2 0-0 13. 0-0 Ne7 14. d4 Bf5 15. Qd2 e4 16. d5 Bh3 17. Nf4 Bxg2 18. Kxg2 Qf5 19. Nce2 Ng6 20. Bxf6 Qxf6 21. Rac1 Ne5 22. Qc2 Qf5 23. Ng1 Rde8 24. Qd1 g6 25. Nge2 Qg4 26. Ng1 Nf3 27. Nfh3 Nxh4+ 28. Kh2 Nf3+ 29. Kg2 Qf5 30. Nxf3 exf3+ 31. Qxf3 Qd3 32. Rb1 a5 33. Nf4 Qf5 34. Rh1 Bc5 35. a4 Kg7 36. Ne2 Qxf3+ 37. Kxf3 Re5 38. Nf4 Rfe8 39. Nd3 Rf5+ 40. Kg2 Bb6 41. Rbe1 Re4 42. Nc1 c6 43. Ne2 cxd5 44. Nc3 Re8 45. Nxd5 Bc5 46. Rd1 Rfe5 47. Rd3 Re4 48. Rhd1 b6 49. f3 R4e5 50. e4 Rc8 51. Re1 Ree8 52. f4 f6 53. Kf3 Kf7 54. Rh1 Re6 55. g4 hxg4+ 56. Kxg4 Rxe4 57. Rh7+ Kg8 58. Nxf6+ Kf8 59. Nxe4 Bb4 1-0

[Event "GER-ch blitz (Women)"]
[Site "Magdeburg"]
[Date "2022.08.13"]
[Round "6"]
[White "Rath, Alina"]
[Black "Leveikina, Jevgenija"]
[Result "1/2-1/2"]
[WhiteElo "2108"]
[BlackElo "2032"]
[PlyCount "79"]
[EventDate "2022.08.13"]
[EventType "tourn (blitz)"]
[EventRounds "23"]
[EventCountry "GER"]
[SourceTitle "CBM 209 Extra"]
[Source "ChessBase"]
[SourceDate "2022.09.30"]
[SourceVersion "1"]
[SourceVersionDate "2022.09.30"]
[SourceQuality "1"]

1. c4 c6 2. g3 d5 3. Bg2 Nf6 4. d3 Bf5 5. b3 e6 6. Bb2 Nbd7 7. Nf3 Be7 8. 0-0 h6 9. e3 0-0 10. Qe2 Nc5 11. Rd1 a5 12. Ne5 Qc7 13. d4 Nce4 14. f3 Nd6 15. Nc3 Nd7 16. e4 dxe4 17. fxe4 Bh7 18. Nf3 Rfd8 19. Kh1 Nf8 20. Rac1 Ne8 21. d5 exd5 22. cxd5 Bb4 23. dxc6 bxc6 24. Na4 Ne6 25. Rxd8 Rxd8 26. Qc4 c5 27. Qe2 Nd6 28. a3 Nxe4 29. axb4 axb4 30. Kg1 Qa7 31. Qe3 Nd4 32. Ne5 Nf5 33. Nc6 Nxe3 34. Nxa7 Rd2 35. Bf3 Ng5 36. Bc6 Nh3+ 37. Kh1 Nf2+ 38. Kg1 Nh3+ 39. Kh1 Nf2+ 40. Kg1 1/2-1/2